书目信息 |
| 题名: |
神经系统疾病治疗学
|
|
| 作者: | 董为伟 主编 | |
| 分册: | ||
| 出版信息: | 北京 科学出版社 2013 |
|
| 页数: | 839页 | |
| 开本: | 26cm | |
| 丛书名: | ||
| 单 册: | ||
| 中图分类: | R741.05 | |
| 科图分类: | ||
| 主题词: | 神经系统疾病--治疗学 | |
| 电子资源: | ||
| ISBN: | 978-7-03-037363-2 | |
| 000 | 00937nam0 2200241 450 | |
| 001 | 0102923827 | |
| 005 | 20130903104117.0 | |
| 010 | @a978-7-03-037363-2@b精装@dCNY198.00 | |
| 100 | @a20130731d2013 em y0chiy0120 ea | |
| 101 | 0 | @achi |
| 102 | @aCN@b110000 | |
| 105 | @aa z 000yy | |
| 106 | @ar | |
| 200 | 1 | @a神经系统疾病治疗学@9Shen Jing Xi;Ji Tong Ji Bing Zhi Liao Xue @f董为伟主编@b专著 |
| 205 | @a2版 | |
| 210 | @a北京@c科学出版社@d2013 | |
| 215 | @a839页@c图@d26cm | |
| 330 | @a本书简明介绍神经系统疾病治疗的基本原理与方法。书中以临床特点、病因、病理生理及治疗为纲,重点介绍了常见的神经系统疾病,包括脑血管病、脱髄鞘病、神经系统自身免疫性疾病、中枢神经系统感染、神经系统中毒与代谢障碍、神经变性疾病、脊髓疾病、周围神经及肌肉疾病的治疗。 | |
| 606 | 0 | @a神经系统疾病@x治疗学 |
| 690 | @aR741.05@v5 | |
| 701 | 0 | @a董为伟@f(1935.5~)@9dong wei wei@4主编 |
| 801 | 0 | @aCN@bZL@c20130718 |
| 905 | @aBZT@dR741.05@e7@f1@sR741.05/7 | |
| 神经系统疾病治疗学/董为伟主编.-2版.-北京:科学出版社,2013 |
| 839页:图;26cm |
| ISBN 978-7-03-037363-2(精装):CNY198.00 |
| 本书简明介绍神经系统疾病治疗的基本原理与方法。书中以临床特点、病因、病理生理及治疗为纲,重点介绍了常见的神经系统疾病,包括脑血管病、脱髄鞘病、神经系统自身免疫性疾病、中枢神经系统感染、神经系统中毒与代谢障碍、神经变性疾病、脊髓疾病、周围神经及肌肉疾病的治疗。 |
| ● |
| 相关链接 |
|
|
|
正题名:神经系统疾病治疗学
索取号:R741.05/7
 
预约/预借
| 序号 | 登录号 | 条形码 | 馆藏地/架位号 | 状态 | 备注 |
| 1 | 2000025512 | 2000025512 | 旧书回溯/ [索取号:R741.05/7] | 在馆 |